The sociology of modernization and development (Record no. 193830)
[ view plain ]
| 000 -LEADER | |
|---|---|
| fixed length control field | 01368nam a2200337Ia 4500 |
| 100 1# - MAIN ENTRY--AUTHOR NAME | |
| Personal name | Harrison, David, |
| 245 14 - TITLE STATEMENT | |
| Title | The sociology of modernization and development |
| 260 ## - PUBLICATION, DISTRIBUTION, ETC. (IMPRINT) | |
| Place of publication | London ; |
| -- | Boston : |
| Name of publisher | Unwin Hyman, |
| Year of publication | 1988. |
| 300 ## - PHYSICAL DESCRIPTION | |
| Number of Pages | xvi, 196 p. : |
| Other physical details | ill. |
| 500 ## - GENERAL NOTE | |
| General note | Cover title: The sociology of modernization & development. |
| 650 #0 - SUBJECT ADDED ENTRY--TOPICAL TERM | |
| Topical Term | Economic development |
| 856 40 - ELECTRONIC LOCATION AND ACCESS | |
| Uniform Resource Identifier | http://site.ebrary.com/lib/rucke/Doc?id=10097550 |
No items available.
